Quizzes
Events
Quiz Creation
Community
Videos
Private Events
Remove Ads
Sign In
Join for FREE
Feedback
Dark Mode
Quiz Categories
Sports
Geography
Music
Movies
Television
Just For Fun
Miscellaneous
History
Literature
Language
Science
Gaming
Entertainment
Religion
Holiday
For Kids
Quiz Lab
Recent
Popular Today
Quiz Kudos Today
Editor Picks
Curator Picks
Quizzes by...
Day
Popularity
Type
Ratings
Length
Year
Community
Subscriptions
Recent Discussions
Orange Saloon
Badges
Playlists
Quests
Create
Leaderboards
Showdown
Live 5
Trivia Bingo
Activity
Puzzle Library
Sporcle Events
Private Events
Virtual Trivia
Globe League
Become a Host
Pub Owners
SporcleCon
Opinionation
Our Games
Videos
Blog
Mobile Apps
Partnerships
Remove Ads and Go Orange
Feedback
Sports
Athletes
MLB
NBA
NHL
NFL
Soccer
Sports Teams
WWE
NCAA
Football
Premier League
Basketball
Baseball
Hockey
Golf
Tennis
Cricket
Rugby
Auto Racing
Olympics
World Cup
Sports
Athletes
MLB
NBA
NHL
NFL
Soccer
Sports Teams
WWE
NCAA
Football
Premier League
Basketball
Baseball
Hockey
Golf
Tennis
Cricket
Rugby
Auto Racing
Olympics
World Cup
Random Quiz
Search Sporcle
×
Quiz Lab
Quiz Lab
Sports
Football
Type in answers that appear in a list
Type in answers that appear in a list
Classic
Best Score? Go Orange.
Appearences for Manchester United Stats
Can you name the Players who have made the most Appearences for Manchester United?
By
yankeespurs101
9m
50 Questions
297 Plays
297 Plays
297 Plays
Comments
Comments
Give Quiz Kudos
Give Quiz Kudos
-
- Ratings
hide this ad
Replay
Link that replays current quiz
Next Quiz
Link to next quiz in quiz playlist
You Got
0%
They Got
Avg Score
35%
Avg Friend Score
Upgrade to see
Score Distribution
Jump to the score distribution portion of the page
Score
0/50
Timer
09:00
0
Plays Today
Position
Player
% Correct
Midfielder
Ryan Giggs
98.3%
Midfielder
Paul Scholes
95.6%
Defender
Gary Neville
89.6%
Defender
Philip Neville
89.2%
Defender
Rio Ferdinand
81.8%
Forward
Bobby Charlton
81.5%
Goalkeeper
Peter Schmeichel
76.8%
Midfielder
David Beckham
75.4%
Forward
George Best
68.7%
Midfielder
Roy Keane
67%
Defender
Dennis Irwin
65.3%
Midfielder
Nicky Butt
63%
Defender
Steve Bruce
61.6%
Defender
Wes Brown
56.9%
Defender
Gary Pallister
56.2%
Forward
Denis Law
56.2%
Forward
Mark Hughes
53.9%
Unofficial
John O'Shea
52.2%
Midfielder
Bryan Robson
51.9%
Forward
Ole Gunnar Solskjær
50.8%
Forward
Brian McClair
36.4%
Goalkeeper
Alex Stepney
33.7%
Half Back
Nobby Stiles
31.6%
Defender
Bill Foulkes
24.2%
Defender
Mikaël Silvestre
23.9%
Position
Player
% Correct
Midfielder
Steve Coppell
21.9%
Half Back
Pat Crerand
17.5%
Goalkeeper
Gary Bailey
17.5%
Defender
Tony Dunne
16.2%
Fullback
Arthur Albiston
16.2%
Defender
Martin Buchan
16.2%
Forward
Lou Macari
15.8%
Midfielder
Sammy McIlroy
15.2%
Forward
Stan Pearson
12.5%
Full Back
Shay Brennan
11.8%
Defender
Mike Duxbury
11.1%
Forward
Jack Rowley
10.8%
Full Back
Charlie Moore
10.1%
Forward
Joe Spence
9.1%
Forward
Billy Meredith
8.8%
Unofficial
David Sadler
7.1%
Full Back
Johnny Carey
6.7%
Forward
George Wall
4.4%
Half Back
Allenby Chilton
3.4%
Half Back
Charlie Roberts
3%
Half Back
Alex Bell
2.4%
Fullback
Jack Silcock
0.7%
Goalkeeper
Alf Steward
0.7%
Half Back
Lal Hilditch
0.7%
Full Back
Fred Erentz
0.3%
Quiz Playlist
Details
Report
Send in Message
Add To Playlist
Classic:
Type in answers that appear in a list
Quiz Source
Last Updated: Feb 16, 2017
Quiz Scoreboard
CHALLENGE
Sign Up to Join the Scoreboard
Show All
Scores
Hide
Comments
May contain spoilers
Recently Published
College Basketball Coaching Resumes
by pancakes188
Sports
9m
Billboard Blitz: Fleetwood Mac
by CooCooCachoo
Music
15s
Presidents Visiting Landmarks
by Hejman
History
7m
More to Explore
Quiz From the Vault
Featured Blog Post
Where Did the Easter Bunny Come From?
hide this ad
You Might Also Like...
Tags
Football Quiz
appearance
Manchester
Manchester United
Player
United
Today's Top Quizzes in Sports
Browse Sports
hide this ad
Today's Top Quizzes in Football
Browse Football
Top Contributed Quizzes in Sports
1
2022 World Cup Stars
2
Les meilleurs buteurs des matchs entre le PSG et l’OM
3
FIFA Club World Cup Champions
4
Les entraîneurs de l'OM et du PSG au 21e siècle
5
Criteria MLB: Left Handed Sluggers
6
AFC Teams Reveal (Wrong Answers Minefield)
7
5-to-1: UK Sports Teams
8
5-to-1: FBS Animal Nicknames
9
2023 MLB Unique Player Accomplishments
10
Name the Premier League winners with different clubs
Explore More
Trending Topics
Disney
NBA
Marvel
Kpop
Anime
Crossword
Harry Potter
NFL
Puzzle
Pokémon
WWE
The Office
Country
Song
Soccer
hide this ad
More By:
yankeespurs101
Quiz
Plays
Rating
Category
Featured
Created
European soccer treble
736
4.33
Sports
Jul 14, 2010
Cricket Test Wicket Takers
590
2.80
Sports
Jul 27, 2010
1st basemen in HOF
494
4.17
Sports
Aug 19, 2010
catchers in HOF
408
4.80
Sports
Sep 2, 2010
shortstops in the HOF
363
4.00
Sports
Aug 24, 2010
Go to Creator's Profile
Score Distribution
Quiz Creator Spotlight
yankeespurs101
Follow
Send a Message
Quizzes Created
-
Created Quiz Play Count
-
More By This Creator
Popular Quizzes Today
1
Find the US States - No Outlines Minefield
2
Find the Countries of Europe - No Outlines Minefield
3
The Countries of the World
4
Find the US States
5
Risky Map Clicking: Biggest States A-Z
6
US States
7
Popular People in 1961
8
Movies - When Are They Set?
More Sports Quizzes
Premier League All-time Defenders by Club
Quiz Lab
Trending Quizzes
Risky Map Clicking: Least Populous States A-Z
1-10 Letter G Words
1-10 Letter F Words
Risky Map Clicking: Next State Alphabetically
Risky Map Clicking: Biggest States A-Z
Recently Updated
Leaping Animals
pecheneg
Reality TV Shows (A-Z)
bhenderson79
Rickey Henderson's Hall of Fame Teammates
pecheneg
Champions League XIs: Arsenal
pecheneg
Quick Pick: Celebrities in WWE's Hall of Fame
aduchscher
A-Z Keypad Blitz II
pecheneg
Multiple Oscar Actors
pecheneg
Mystery Phrase Blitz: Oscar 'Best Actors'
pecheneg
F. Scott Fitzgerald Novels
LTH
Pick 3 Villains
ddd62291
Trending Topics
Anime
Harry Potter
Marvel
Kpop
Disney
Crossword
NBA
NFL
Puzzle
Pokémon
WWE
Soccer
Song
Country
The Office
Your Account Isn't Verified!
In order to create a playlist on Sporcle, you need to verify the email address you used during registration. Go to your
Sporcle Settings
to finish the process.
Report this User
Report this user for behavior that violates our
Community Guidelines
.
Details:
Send Report
Go to the Sporcle.com Mobile Site →
Comments